000 00528nam a2200181Ia 4500
005 20250508162458.0
008 008 250505s9999 xx 000 0 eng d
037 _aTextual
040 _aFEDL
_beng
_cFEDL
041 _aeng
_2eng
084 _a370.193 46, TAR
_qFEDL
100 _aTara S. Nayana
_9299565
245 0 _aEducation in a rural environment
260 _aNew Delhi, India
_bAshish Publishing House
_c1985
300 _axii,143p
942 _cTEXL
_h370.193 46, TAR
999 _c1376812
_d1376812